000 01225cam a2200349 a 4500
001 3542702
003 OSt
005 20211027153652.0
008 970501s1998 maua b 001 0 eng
010 _a 97017166
020 _a9780262112314
038 _akhadija
040 _aDLC
_cDLC
_dDLC
050 0 0 _aQP363.3
_b.M46 1998
082 0 0 _a573.80113
_221
245 0 0 _aMethods In Neuronal Modeling :
_bfrom ions to networks \
_c by Christof Koch and Idan Segev.
250 _a2nd ed.
260 _aCambridge, Mass. :
_bMIT Press,
_cc1998.
300 _axiii, 671 p. :
_bill. ;
_c24 cm.
440 0 _aComputational neuroscience
_981284
500 _a"A Bradford book."
504 _aIncludes bibliographical references (p. [607]-653) and index.
563 _ahard cover
650 0 _aNeural networks (Neurobiology)
_981289
650 0 _aNervous system
_xComputer simulation.
_981290
650 0 _aNeurons
_xComputer simulation.
_981291
700 1 _aKoch, Christof,
_d1956-
_981292
700 1 _aSegev, Idan.
_981293
906 _a7
_bcbc
_corignew
_d1
_eocip
_f19
_gy-gencatlg
942 _2ddc
_cBK
999 _c32346
_d32346